|
|
|
|
| LEADER |
01021nab a2200205 i 4500 |
| 001 |
acta80296 |
| 005 |
20230826104553.0 |
| 008 |
230804s1988 hu o 0|| hun d |
| 022 |
|
|
|a 0422-9576
|
| 040 |
|
|
|a SZTE Egyetemi Kiadványok Repozitórium
|b hun
|
| 041 |
|
|
|a hun
|
| 245 |
0 |
0 |
|a Élelmiszerek fogyaszthatósági határidejének és minőségmegőrzési időtartamának jegyzéke
|h [elektronikus dokumentum] :
|b kiegészítés az 1987. január 31. - december 31. közötti meghirdetésekkel
|
| 260 |
|
|
|a Pallas Lap- és Könyvkiadó Vállalat
|b Budapest
|c 1988
|
| 300 |
|
|
|a 188-189
|
| 490 |
0 |
|
|a Élelmiszervizsgálati közlemények
|v 34 No. 3
|
| 650 |
|
4 |
|a Műszaki és technológiai tudományok
|
| 650 |
|
4 |
|a Egyéb műszaki tudományok és technológiák
|
| 650 |
|
4 |
|a Élelmiszer és italfélék
|
| 695 |
|
|
|a Élelmiszeripar - minőségszabályozás, Minőségszabályozás - élelmiszeripari termékek
|
| 856 |
4 |
0 |
|u http://acta.bibl.u-szeged.hu/80296/1/elelmiszervizsgalati_kozlemenyek_1988_03_188-189.pdf
|z Dokumentum-elérés
|